[Event "Kochan Memorial op 27th"]
[Site "Koszalin"]
[Date "2016.08.11"]
[Round "4"]
[White "Cyborowski, Lukasz"]
[Black "Januszkiewicz, Wojciech"]
[Result "1-0"]
[WhiteElo "2526"]
[BlackElo "1995"]
[PlyCount "97"]
[EventDate "2016.08.08"]
[EventType "swiss"]
[EventRounds "9"]
[EventCountry "POL"]
[SourceTitle "CBM 173 Extra"]
[Source "ChessBase"]
[SourceDate "2016.08.29"]
[SourceVersion "1"]
[SourceVersionDate "2016.08.29"]
[SourceQuality "1"]

1. c4 Nf6 2. Nc3 e6 3. e4 d5 4. e5 d4 5. exf6 dxc3 6. bxc3 Qxf6 7. Nf3 Bd6 8. d4 h6 9. Bd3 c6 10. 0-0 Nd7 11. Nd2 Qd8 12. Ne4 Be7 13. Qg4 g6 14. Re1 Nf8 15. Qg3 f5 16. Nd2 Qd6 17. Qe3 Bg5 18. Qe2 Bxd2 19. Qxd2 Kf7 20. c5 Qc7 21. c4 Nd7 22. Bb2 Nf6 23. d5 Qd8 24. Rad1 Bd7 25. dxe6+ Bxe6 26. Qc3 Qe7 27. Rxe6 Qxe6 28. Re1 Qxe1+ 29. Qxe1 Rhe8 30. Qc3 Re6 31. h3 a6 32. Kh2 Rd8 33. Qc2 Rg8 34. Qc1 h5 35. Qf4 Re7 36. Qd4 Re6 37. Qf4 Re7 38. Bxf6 Kxf6 39. Qd4+ Kf7 40. g4 hxg4 41. hxg4 fxg4 42. Kg3 Rge8 43. Kxg4 Re6 44. f4 R8e7 45. Kg5 Re8 46. a3 Rg8 47. Qd7+ Re7 48. Qh3 Re1 49. Qh7+ 1-0

[Event "POL-chT U20 1st League"]
[Site "Suchedniow"]
[Date "2016.07.29"]
[Round "7.25"]
[White "Januszkiewicz, Wojciech"]
[Black "Szpar, Milosz"]
[Result "1/2-1/2"]
[WhiteElo "1965"]
[BlackElo "2101"]
[PlyCount "60"]
[EventDate "2016.07.23"]
[EventType "team-tourn"]
[EventRounds "9"]
[EventCountry "POL"]
[SourceTitle "EXT 2019"]
[Source "ChessBase"]
[SourceDate "2018.10.10"]
[SourceVersion "1"]
[SourceVersionDate "2018.10.10"]
[SourceQuality "1"]

1. e4 d5 2. exd5 Qxd5 3. Nc3 Qa5 4. d4 Nf6 5. Nf3 Bf5 6. Bd3 Bxd3 7. Qxd3 e6 8. Bd2 Nbd7 9. 0-0-0 Be7 10. Kb1 c6 11. Ne4 Qc7 12. Nxf6+ Nxf6 13. Ne5 Bd6 14. Qe2 b5 15. c4 bxc4 16. Rc1 0-0 17. Rxc4 c5 18. Ng4 Nxg4 19. Qxg4 f5 20. Qe2 Qe7 21. dxc5 Bxc5 22. Rhc1 Bd6 23. Be3 Rad8 24. Bc5 Rfe8 25. Bxd6 Qxd6 26. Rc7 Rd7 27. Rxd7 Qxd7 28. Rd1 Qc6 29. f4 h6 30. g3 Rc8 1/2-1/2

[Event "POL-chT U20 1st League"]
[Site "Suchedniow"]
[Date "2016.07.23"]
[Round "1.13"]
[White "Winiarski, Mikolaj"]
[Black "Januszkiewicz, Wojciech"]
[Result "1/2-1/2"]
[WhiteElo "2209"]
[BlackElo "1965"]
[PlyCount "42"]
[EventDate "2016.07.23"]
[EventType "team-tourn"]
[EventRounds "9"]
[EventCountry "POL"]
[SourceTitle "EXT 2019"]
[Source "ChessBase"]
[SourceDate "2018.10.10"]
[SourceVersion "1"]
[SourceVersionDate "2018.10.10"]
[SourceQuality "1"]

1. d4 Nf6 2. c4 g6 3. Nc3 Bg7 4. e4 d6 5. g3 0-0 6. Bg2 e5 7. Nge2 Nbd7 8. 0-0 exd4 9. Nxd4 c6 10. h3 Qb6 11. Na4 Qa5 12. b3 Re8 13. Re1 Nxe4 14. b4 Qxb4 15. Rxe4 Rxe4 16. Bxe4 c5 17. Bd3 Bxd4 18. Bd2 Qa3 19. Bc1 Qb4 20. Bd2 Qa3 21. Bc1 Qb4 1/2-1/2

[Event "POL-ch U18"]
[Site "Szklarska Poreba"]
[Date "2016.03.17"]
[Round "6"]
[White "Januszkiewicz, Wojciech"]
[Black "Smieszek, Wojciech"]
[Result "0-1"]
[WhiteElo "1922"]
[BlackElo "2182"]
[PlyCount "90"]
[EventDate "2016.03.13"]
[EventType "swiss"]
[EventRounds "9"]
[EventCountry "POL"]
[SourceTitle "EXT 2018"]
[Source "ChessBase"]
[SourceDate "2017.10.13"]
[SourceVersion "1"]
[SourceVersionDate "2017.10.13"]
[SourceQuality "1"]

1. e4 Nf6 2. Nc3 d6 3. d4 c6 4. Be3 Qa5 5. Bd3 g6 6. Nge2 Bg7 7. h3 0-0 8. 0-0 e5 9. Rb1 Nbd7 10. b4 Qc7 11. dxe5 dxe5 12. Na4 Rd8 13. c4 Nf8 14. Qc2 Ne6 15. c5 Nf4 16. Rfd1 Nxd3 17. Rxd3 Rxd3 18. Qxd3 Nxe4 19. Rd1 Bf5 20. Qc4 Rd8 21. Qc1 Rxd1+ 22. Qxd1 Qd7 23. Qxd7 Bxd7 24. Nac3 Nxc3 25. Nxc3 f5 26. f3 Be6 27. Bd2 Bc4 28. Kf2 Kf7 29. g3 Ke6 30. a3 Kd7 31. Nd1 Kc7 32. Bc3 Kd7 33. f4 Ke6 34. Nb2 Ba6 35. h4 Bf6 36. fxe5 Bxe5 37. Bxe5 Kxe5 38. Ke3 h6 39. Nd1 g5 40. Nf2 Bf1 41. h5 Bc4 42. Kf3 Bd5+ 43. Ke3 f4+ 44. gxf4+ gxf4+ 45. Kd3 Bf3 0-1

[Event "Kochan Memorial op 26th"]
[Site "Koszalin"]
[Date "2015.08.22"]
[Round "8"]
[White "Wasilewski, Leszek"]
[Black "Januszkiewicz, Wojciech"]
[Result "0-1"]
[WhiteElo "1244"]
[BlackElo "2032"]
[PlyCount "38"]
[EventDate "2015.08.17"]
[EventType "swiss"]
[EventRounds "9"]
[EventCountry "POL"]
[SourceTitle "EXT 2016"]
[Source "ChessBase"]
[SourceDate "2015.10.08"]
[SourceVersion "1"]
[SourceVersionDate "2015.10.08"]
[SourceQuality "1"]

1. d4 Nf6 2. c4 e6 3. a3 b6 4. Nc3 Bb7 5. Bg5 Be7 6. e3 0-0 7. Nf3 h6 8. Bh4 d5 9. cxd5 Nxd5 10. Bxe7 Qxe7 11. Bd3 Nd7 12. Rc1 c5 13. 0-0 Rfd8 14. Qe2 cxd4 15. Nxd4 Nc5 16. Bb1 e5 17. Nf5 Qg5 18. h4 Nxc3 19. Rxc3 Qxg2# 0-1

[Event "POL-chT U19 1st League"]
[Site "Ustron"]
[Date "2015.08.01"]
[Round "8.13"]
[White "Januszkiewicz, Wojciech"]
[Black "Mockun, Dawid"]
[Result "1/2-1/2"]
[WhiteElo "2025"]
[BlackElo "1951"]
[PlyCount "80"]
[EventDate "2015.07.25"]
[EventType "team-tourn"]
[EventRounds "9"]
[EventCountry "POL"]
[SourceTitle "EXT 2018"]
[Source "ChessBase"]
[SourceDate "2017.10.13"]
[SourceVersion "1"]
[SourceVersionDate "2017.10.13"]
[SourceQuality "1"]
[WhiteTeam "Koszalin Hetman Politechnika U19"]
[BlackTeam "Suwalki Hancza U19"]
[WhiteTeamCountry "POL"]
[BlackTeamCountry "POL"]

1. e4 e6 2. d4 d5 3. Nc3 Nf6 4. Bg5 Be7 5. e5 Nfd7 6. h4 a6 7. Qg4 h5 8. Qg3 Bxg5 9. hxg5 g6 10. 0-0-0 c5 11. dxc5 Nxc5 12. Qf4 Rf8 13. Nf3 Nc6 14. Be2 Qe7 15. a3 b5 16. Nd4 Nxd4 17. Rxd4 Bd7 18. Rhd1 0-0-0 19. a4 bxa4 20. Rxd5 exd5 21. Nxd5 Nb3+ 22. cxb3 Qc5+ 23. Kb1 Bf5+ 24. Bd3 Kb7 25. Bxf5 gxf5 26. Qf3 axb3 27. Qxb3+ Ka7 28. f4 h4 29. Qf3 Rd7 30. Nc3 Rxd1+ 31. Qxd1 Rb8 32. Ka1 Qa5+ 33. Kb1 Qxc3 34. Qd7+ Ka8 35. Qd5+ Ka7 36. Qd7+ Ka8 37. Qd5+ Ka7 38. Qd7+ Ka8 39. Qd5+ Ka7 40. Qd7+ Ka8 1/2-1/2

[Event "POL-chT U19 1st League"]
[Site "Ustron"]
[Date "2015.07.30"]
[Round "6.19"]
[White "Januszkiewicz, Wojciech"]
[Black "Bilczewski, Kacper"]
[Result "1/2-1/2"]
[WhiteElo "2025"]
[BlackElo "2056"]
[PlyCount "102"]
[EventDate "2015.07.25"]
[EventType "team-tourn"]
[EventRounds "9"]
[EventCountry "POL"]
[SourceTitle "EXT 2018"]
[Source "ChessBase"]
[SourceDate "2017.10.13"]
[SourceVersion "1"]
[SourceVersionDate "2017.10.13"]
[SourceQuality "1"]
[WhiteTeam "Koszalin Hetman Politechnika U19"]
[BlackTeam "Rydultowy Ognisko U19"]
[WhiteTeamCountry "POL"]
[BlackTeamCountry "POL"]

1. e4 c6 2. d4 d5 3. Nc3 g6 4. e5 Bg7 5. f4 Nh6 6. Nf3 Bg4 7. h3 Bxf3 8. Qxf3 Nf5 9. Be3 0-0 10. g4 Nxe3 11. Qxe3 f6 12. 0-0-0 fxe5 13. dxe5 e6 14. h4 Qb6 15. Qg3 Qb4 16. Ne2 Nd7 17. Nd4 Nc5 18. a3 Ne4 19. Qe3 Qe7 20. Bg2 Nc5 21. g5 Rfe8 22. h5 a5 23. Rdf1 Rec8 24. Kb1 b5 25. hxg6 hxg6 26. Qh3 Kf7 27. f5 exf5 28. Nxc6 Qe6 29. Rd1 Ne4 30. Bxe4 dxe4 31. Rd6 Rxc6 32. Rxe6 Rxe6 33. Qb3 Rae8 34. Qxb5 Rxe5 35. Qb3+ Kf8 36. Qe3 Rb5 37. c3 Rd5 38. Kc2 Red8 39. Qb6 R8d6 40. Qb8+ Rd8 41. Qb6 R8d6 42. Qb8+ Rd8 43. Qb6 Kf7 44. Rh7 R5d6 45. Qb7+ R8d7 46. Qb3+ Rd5 47. Qb6 R7d6 48. Qb7+ Rd7 49. Qb6 R5d6 50. Qb3+ Rd5 51. Qb6 R5d6 1/2-1/2

[Event "POL-chT U19 1st League"]
[Site "Ustron"]
[Date "2015.07.27"]
[Round "3.1"]
[White "Januszkiewicz, Wojciech"]
[Black "Korpalski, Maciej"]
[Result "1/2-1/2"]
[WhiteElo "2025"]
[BlackElo "1838"]
[PlyCount "81"]
[EventDate "2015.07.25"]
[EventType "team-tourn"]
[EventRounds "9"]
[EventCountry "POL"]
[SourceTitle "EXT 2018"]
[Source "ChessBase"]
[SourceDate "2017.10.13"]
[SourceVersion "1"]
[SourceVersionDate "2017.10.13"]
[SourceQuality "1"]
[WhiteTeam "Koszalin Hetman Politechnika U19"]
[BlackTeam "Wroclaw MUKS MDK Srodmiescie U19"]
[WhiteTeamCountry "POL"]
[BlackTeamCountry "POL"]

1. e4 c5 2. Nf3 d6 3. d4 cxd4 4. Nxd4 Nf6 5. Nc3 Nc6 6. Bg5 e6 7. Qd2 a6 8. 0-0-0 Be7 9. Bxf6 gxf6 10. f4 Bd7 11. Be2 Qa5 12. Nb3 Qc7 13. Bh5 b5 14. f5 0-0 15. Qh6 Ne5 16. Rhe1 Kh8 17. Re3 Rg8 18. Rh3 Rg7 19. g4 b4 20. Ne2 Rc8 21. Nbd4 exf5 22. gxf5 Qc5 23. Nf4 Bd8 24. Rg3 Rxg3 25. Ng6+ Rxg6 26. fxg6 Nxg6 27. Bxg6 Qg5+ 28. Qxg5 fxg5 29. Bxf7 Bf6 30. Nf5 Bxf5 31. exf5 Be5 32. h3 Bf4+ 33. Kb1 Kg7 34. Be6 Rc5 35. Rd3 Re5 36. a3 bxa3 37. Rxa3 a5 38. Rd3 Rc5 39. c3 Kf6 40. Ka2 Be5 41. Kb3 1/2-1/2

[Event "Lazy op 11th"]
[Site "Lazy"]
[Date "2015.07.02"]
[Round "5"]
[White "Januszkiewicz, Wojciech"]
[Black "Pilzak, Marcin"]
[Result "0-1"]
[WhiteElo "2025"]
[BlackElo "2145"]
[PlyCount "82"]
[EventDate "2015.06.28"]
[EventType "swiss"]
[EventRounds "9"]
[EventCountry "POL"]
[SourceTitle "CBM 167 Extra"]
[Source "ChessBase"]
[SourceDate "2015.09.14"]
[SourceVersion "1"]
[SourceVersionDate "2015.09.14"]
[SourceQuality "1"]

1. e4 e6 2. d4 d5 3. Nc3 Nf6 4. e5 Nfd7 5. f4 c5 6. Nf3 Nc6 7. Be3 Be7 8. Qd2 0-0 9. dxc5 Bxc5 10. Bxc5 Nxc5 11. 0-0-0 Qa5 12. Nd4 Rd8 13. Kb1 Bd7 14. Be2 Nxd4 15. Qxd4 Ne4 16. Nxe4 dxe4 17. Qxe4 Bc6 18. Qe3 Bxg2 19. Rhg1 Bc6 20. Bd3 Rd5 21. f5 exf5 22. e6 f6 23. Qh6 Qc7 24. Qxf6 Kh8 25. Qg5 h6 26. Qh4 Qd8 27. e7 Qd6 28. Rde1 Re8 29. a3 b5 30. Rgf1 Qd7 31. Re3 a5 32. Rfe1 b4 33. a4 b3 34. Qh5 Bxa4 35. cxb3 f4 36. Re5 Rxe5 37. Qxe5 Qxd3+ 38. Ka1 Qxb3 39. Rg1 Qf7 40. Qxa5 Bc6 41. Qc5 Be4 0-1

[Event "Lazy op 11th"]
[Site "Lazy"]
[Date "2015.06.30"]
[Round "3"]
[White "Zebracki, Tomasz"]
[Black "Januszkiewicz, Wojciech"]
[Result "1-0"]
[WhiteElo "2114"]
[BlackElo "2025"]
[PlyCount "99"]
[EventDate "2015.06.28"]
[EventType "swiss"]
[EventRounds "9"]
[EventCountry "POL"]
[SourceTitle "CBM 167 Extra"]
[Source "ChessBase"]
[SourceDate "2015.09.14"]
[SourceVersion "1"]
[SourceVersionDate "2015.09.14"]
[SourceQuality "1"]

1. e4 c5 2. Nf3 d6 3. d4 cxd4 4. Nxd4 Nf6 5. Nc3 g6 6. Be3 Bg7 7. f3 0-0 8. Qd2 Nc6 9. 0-0-0 d5 10. exd5 Nxd5 11. Nxc6 bxc6 12. Nxd5 cxd5 13. Qxd5 Qc7 14. Qxa8 Bf5 15. Qxf8+ Kxf8 16. Rd2 h5 17. Bb5 Kg8 18. Ba4 Be6 19. Bb3 Bxb3 20. axb3 Qe5 21. Rd3 Qxb2+ 22. Kd2 a6 23. Rd8+ Kh7 24. Rc8 Qe5 25. Rc4 Bf6 26. Ke2 Bg5 27. Re4 Qb5+ 28. c4 Qa5 29. Rd1 f5 30. Red4 Bf6 31. R4d3 Qe5 32. f4 Qe4 33. Kf2 h4 34. h3 g5 35. fxg5 Be5 36. Bb6 Bh2 37. Kf1 Kg6 38. Bf2 f4 39. Rd4 Qf5 40. R4d3 Qe4 41. c5 Qb7 42. Bxh4 Qb5 43. Bf2 e5 44. Ke1 Qb4+ 45. Kf1 Qb5 46. c6 e4 47. c7 f3 48. c8Q exd3 49. Qe6+ Kh7 50. Qf7+ 1-0

[Event "POL-ch U16"]
[Site "Karpacz"]
[Date "2015.03.16"]
[Round "2"]
[White "Januszkiewicz, Wojciech"]
[Black "Walter, Szymon"]
[Result "1/2-1/2"]
[WhiteElo "1965"]
[BlackElo "2179"]
[PlyCount "93"]
[EventDate "2015.03.15"]
[EventType "swiss"]
[EventRounds "9"]
[EventCountry "POL"]
[SourceTitle "EXT 2017"]
[Source "ChessBase"]
[SourceDate "2016.10.25"]
[SourceVersion "1"]
[SourceVersionDate "2016.10.25"]
[SourceQuality "1"]

1. e4 c5 2. Nf3 e6 3. d4 cxd4 4. Nxd4 Nc6 5. Nc3 Qc7 6. Be3 a6 7. Bd3 Nf6 8. 0-0 Ne5 9. f3 Bc5 10. Qe2 b5 11. Nb3 Bxe3+ 12. Qxe3 d6 13. Rae1 b4 14. Ne2 0-0 15. Ng3 Ng6 16. c3 a5 17. Rc1 Qb8 18. c4 a4 19. Nd4 Qb6 20. Nc2 Qc5 21. Rfe1 Ne5 22. Bf1 Bb7 23. Kh1 Rac8 24. b3 axb3 25. axb3 Ra8 26. Qd2 Nc6 27. Ra1 Rfd8 28. Rec1 Rxa1 29. Rxa1 d5 30. exd5 exd5 31. cxd5 Rxd5 32. Qe2 g6 33. Qc4 Qd6 34. Ne3 Rc5 35. Qh4 Qe5 36. Re1 Qc3 37. Ne4 Nxe4 38. fxe4 Rh5 39. Qf2 Ne5 40. Be2 Rh6 41. Ng4 Nxg4 42. Bxg4 Qe5 43. h3 g5 44. Rf1 Qe7 45. Bf5 Ba6 46. Re1 Rc6 47. Qf3 1/2-1/2

[Event "Kochan Memorial op 25th"]
[Site "Koszalin"]
[Date "2014.08.17"]
[Round "8"]
[White "Lewtak, Dominik"]
[Black "Januszkiewicz, Wojciech"]
[Result "1-0"]
[WhiteElo "2060"]
[BlackElo "1856"]
[PlyCount "105"]
[EventDate "2014.08.10"]
[EventType "swiss"]
[EventRounds "9"]
[EventCountry "POL"]
[SourceTitle "CBM 161 Extra"]
[Source "ChessBase"]
[SourceDate "2014.08.29"]
[SourceVersion "1"]
[SourceVersionDate "2014.08.29"]
[SourceQuality "1"]

1. e4 c5 2. c3 d5 3. exd5 Qxd5 4. d4 Nf6 5. Nf3 e6 6. Be3 cxd4 7. cxd4 Nc6 8. Nc3 Qd8 9. Bd3 Be7 10. 0-0 0-0 11. a3 b6 12. Qe2 Bb7 13. Rad1 Rc8 14. Bb1 Nd5 15. Ne4 Nb8 16. Rfe1 Nd7 17. Neg5 g6 18. Ba2 Bf6 19. Bd2 Re8 20. Ne4 Be7 21. Bh6 Bf8 22. Bg5 Be7 23. h4 N7f6 24. Ng3 Nd7 25. Qd2 Bxg5 26. hxg5 Kg7 27. Ne4 Qe7 28. Bxd5 Bxd5 29. Qf4 Rh8 30. Ne5 f5 31. Nxd7 Bxe4 32. Qe5+ Kf7 33. Nf6 h6 34. Nxe4 fxe4 35. Rxe4 hxg5 36. d5 Rhd8 37. dxe6+ Kg8 38. Rde1 Rc5 39. Qg3 Rcd5 40. Qg4 R8d6 41. R4e3 Rd4 42. Qg3 Rd1 43. Qe5 R1d5 44. Qe4 Rf5 45. Rd3 Rxd3 46. Qxd3 Kg7 47. Qd4+ Kg8 48. b4 Rf6 49. Qd5 Kf8 50. Qxg5 Rxe6 51. Qxe7+ Rxe7 52. Rxe7 Kxe7 53. f4 1-0

[Event "Kochan Memorial op 25th"]
[Site "Koszalin"]
[Date "2014.08.12"]
[Round "2"]
[White "Januszkiewicz, Wojciech"]
[Black "Cyborowski, Lukasz"]
[Result "0-1"]
[WhiteElo "1856"]
[BlackElo "2506"]
[PlyCount "80"]
[EventDate "2014.08.10"]
[EventType "swiss"]
[EventRounds "9"]
[EventCountry "POL"]
[SourceTitle "CBM 161 Extra"]
[Source "ChessBase"]
[SourceDate "2014.08.29"]
[SourceVersion "1"]
[SourceVersionDate "2014.08.29"]
[SourceQuality "1"]

1. e4 c5 2. Nf3 Nc6 3. d4 cxd4 4. Nxd4 e6 5. Nc3 Qc7 6. Be3 Nf6 7. Bd3 a6 8. 0-0 Nxd4 9. Bxd4 Bc5 10. Bxc5 Qxc5 11. Kh1 d6 12. f3 0-0 13. Qe1 e5 14. a4 Be6 15. a5 Qc7 16. f4 exf4 17. Rxf4 Nd7 18. Na4 Ne5 19. Nb6 Rad8 20. Qg3 Nxd3 21. Qxd3 d5 22. Raf1 dxe4 23. Qxe4 Rd2 24. R4f3 Rfd8 25. Rc3 Rd1 26. Rg1 Rxg1+ 27. Kxg1 Rd1+ 28. Kf2 Qd6 29. Qe3 Rd2+ 30. Kf1 h6 31. h3 Rd1+ 32. Ke2 Ra1 33. Rd3 Qc7 34. Rc3 Qh2 35. Qf3 Rxa5 36. Qxb7 Rb5 37. Qa8+ Kh7 38. Nc4 Bd5 39. Qxa6 Qxg2+ 40. Ke3 Qe4+ 0-1

[Event "Lazy op 10th"]
[Site "Lazy"]
[Date "2014.07.08"]
[Round "9"]
[White "Januszkiewicz, Wojciech"]
[Black "Harazinska, Ewa"]
[Result "0-1"]
[WhiteElo "1852"]
[BlackElo "2062"]
[PlyCount "94"]
[EventDate "2014.06.29"]
[EventType "swiss"]
[EventRounds "9"]
[EventCountry "POL"]
[SourceTitle "CBM 161 Extra"]
[Source "ChessBase"]
[SourceDate "2014.08.29"]
[SourceVersion "1"]
[SourceVersionDate "2014.08.29"]
[SourceQuality "1"]

1. e4 c5 2. Nf3 d6 3. d4 cxd4 4. Nxd4 Nf6 5. Nc3 a6 6. Be2 e6 7. a4 Nc6 8. Be3 Be7 9. 0-0 0-0 10. f4 Qc7 11. Kh1 Re8 12. Nb3 b6 13. Bf3 Bb7 14. Qd2 Bf8 15. Rad1 Rac8 16. Qf2 Nd7 17. Rfe1 Nb4 18. Rd2 Nc5 19. Nxc5 bxc5 20. Red1 Rcd8 21. Qg3 d5 22. exd5 exd5 23. Bxd5 Nxd5 24. Nxd5 Bxd5 25. Rxd5 Rxd5 26. Rxd5 Qb7 27. Rd1 Qxb2 28. Qf2 Qa3 29. Rd3 Qa1+ 30. Qg1 Qxa4 31. Qc1 c4 32. Rd5 Qc6 33. Re5 Rd8 34. h3 f6 35. Ra5 Bb4 36. Ra2 c3 37. Qb1 Qe6 38. Ra4 a5 39. Qa2 Qxa2 40. Rxa2 Rd1+ 41. Kh2 Rb1 42. Bd4 Kf7 43. g4 g6 44. Kg3 Ke6 45. Kf3 f5 46. g5 Kd5 47. Bf6 Kc4 0-1

[Event "Lazy op 10th"]
[Site "Lazy"]
[Date "2014.07.02"]
[Round "4"]
[White "Mucha, Piotr"]
[Black "Januszkiewicz, Wojciech"]
[Result "1/2-1/2"]
[WhiteElo "2026"]
[BlackElo "1852"]
[PlyCount "80"]
[EventDate "2014.06.29"]
[EventType "swiss"]
[EventRounds "9"]
[EventCountry "POL"]
[SourceTitle "CBM 161 Extra"]
[Source "ChessBase"]
[SourceDate "2014.08.29"]
[SourceVersion "1"]
[SourceVersionDate "2014.08.29"]
[SourceQuality "1"]

1. e4 c5 2. Nf3 d6 3. d4 cxd4 4. Nxd4 Nf6 5. Nc3 g6 6. Be3 Bg7 7. f3 0-0 8. Qd2 Nc6 9. 0-0-0 d5 10. exd5 Nxd5 11. Nxc6 bxc6 12. Bd4 Bxd4 13. Qxd4 Qb6 14. Nxd5 cxd5 15. Qxb6 axb6 16. Rxd5 Be6 17. Rd1 Rxa2 18. Bd3 Rd8 19. Rhe1 Ra1+ 20. Kd2 Ra2 21. Rb1 Kg7 22. Re4 Rd6 23. Ke3 f5 24. Rd4 Rc6 25. Rd8 Ra7 26. Kd4 Kf6 27. b4 Rd7+ 28. Rxd7 Bxd7 29. f4 Rd6+ 30. Ke3 g5 31. fxg5+ Kxg5 32. Rd1 f4+ 33. Kf2 Bf5 34. Re1 Bxd3 35. cxd3 Kf6 36. Re4 e5 37. Ke2 Kf5 38. Rc4 Rh6 39. Kf3 Rd6 40. Ke2 Rh6 1/2-1/2

[Event "EU-ch U14 23rd"]
[Site "Budva"]
[Date "2013.10.08"]
[Round "9"]
[White "Januszkiewicz, Wojciech"]
[Black "Risting, Eivind Olav"]
[Result "1-0"]
[WhiteElo "1861"]
[BlackElo "1777"]
[PlyCount "51"]
[EventDate "2013.09.29"]
[EventType "swiss"]
[EventRounds "9"]
[EventCountry "MNE"]
[SourceTitle "EXT 2014"]
[Source "ChessBase"]
[SourceDate "2013.11.20"]
[SourceVersion "1"]
[SourceVersionDate "2013.11.20"]
[SourceQuality "1"]

1. e4 e6 2. d4 d5 3. Nc3 Nf6 4. Bg5 Be7 5. e5 Nfd7 6. Bxe7 Qxe7 7. f4 a6 8. Nf3 c5 9. dxc5 Nc6 10. Qd2 Nxc5 11. 0-0-0 Bd7 12. Bd3 b5 13. Rhe1 b4 14. Ne2 Rb8 15. Ned4 Nxd4 16. Nxd4 a5 17. f5 a4 18. f6 gxf6 19. Qf4 f5 20. Nxf5 Qf8 21. Nd6+ Kd8 22. Rf1 Kc7 23. Qe3 Nxd3+ 24. cxd3 f5 25. Qa7+ Kc6 26. Kb1 1-0

[Event "EU-ch U14 23rd"]
[Site "Budva"]
[Date "2013.10.05"]
[Round "6"]
[White "Januszkiewicz, Wojciech"]
[Black "Petrov, Vladimir Sergeev"]
[Result "0-1"]
[WhiteElo "1861"]
[BlackElo "2014"]
[PlyCount "62"]
[EventDate "2013.09.29"]
[EventType "swiss"]
[EventRounds "9"]
[EventCountry "MNE"]
[SourceTitle "EXT 2014"]
[Source "ChessBase"]
[SourceDate "2013.11.20"]
[SourceVersion "1"]
[SourceVersionDate "2013.11.20"]
[SourceQuality "1"]

1. e4 c5 2. Nf3 d6 3. d4 cxd4 4. Nxd4 Nf6 5. Nc3 a6 6. Be3 e5 7. Nb3 Be6 8. Qd2 Be7 9. 0-0-0 Ng4 10. g3 Nxe3 11. Qxe3 Nd7 12. Kb1 b5 13. f4 b4 14. Nd5 Bxd5 15. exd5 0-0 16. Bd3 a5 17. h4 Qc7 18. g4 a4 19. Nc1 a3 20. fxe5 axb2 21. Nb3 Nxe5 22. Qe4 Nxd3 23. Rxd3 Bf6 24. Qxb4 Rfb8 25. Qe4 Qa7 26. a4 Qxa4 27. Qxa4 Rxa4 28. c3 Rxb3 29. Re3 Ra1+ 30. Kc2 Rxc3+ 31. Rxc3 Bxc3 0-1

[Event "EU-ch U14 23rd"]
[Site "Budva"]
[Date "2013.10.03"]
[Round "5"]
[White "Kelires, Andreas"]
[Black "Januszkiewicz, Wojciech"]
[Result "1-0"]
[WhiteElo "2189"]
[BlackElo "1861"]
[PlyCount "65"]
[EventDate "2013.09.29"]
[EventType "swiss"]
[EventRounds "9"]
[EventCountry "MNE"]
[SourceTitle "EXT 2014"]
[Source "ChessBase"]
[SourceDate "2013.11.20"]
[SourceVersion "1"]
[SourceVersionDate "2013.11.20"]
[SourceQuality "1"]

1. d4 Nf6 2. c4 g6 3. Nc3 d5 4. Nf3 Bg7 5. Bg5 c6 6. e3 0-0 7. Qb3 dxc4 8. Bxc4 e6 9. 0-0 b5 10. Be2 Qb6 11. a4 bxa4 12. Qc2 Qb3 13. Rfc1 Nbd7 14. Nxa4 Qxc2 15. Rxc2 Bb7 16. Nd2 Rfc8 17. Nb3 Ne4 18. Bf4 g5 19. Bg3 Nxg3 20. hxg3 Rc7 21. Na5 Rac8 22. Nxb7 Rxb7 23. Ba6 Rbc7 24. Bxc8 Rxc8 25. Nc5 Nxc5 26. Rxc5 Rb8 27. Rxa7 h6 28. Rxc6 Rxb2 29. Rc8+ Kh7 30. Rxf7 Kg6 31. Re7 Rb1+ 32. Kh2 Rb6 33. Rg8 1-0

[Event "EU-ch U14 23rd"]
[Site "Budva"]
[Date "2013.10.02"]
[Round "4"]
[White "Januszkiewicz, Wojciech"]
[Black "Nikitenko, Mihail"]
[Result "1-0"]
[WhiteElo "1861"]
[BlackElo "2101"]
[PlyCount "101"]
[EventDate "2013.09.29"]
[EventType "swiss"]
[EventRounds "9"]
[EventCountry "MNE"]
[SourceTitle "EXT 2014"]
[Source "ChessBase"]
[SourceDate "2013.11.20"]
[SourceVersion "1"]
[SourceVersionDate "2013.11.20"]
[SourceQuality "1"]

1. e4 c5 2. Nf3 d6 3. d4 cxd4 4. Nxd4 Nf6 5. Nc3 a6 6. Bc4 Nbd7 7. 0-0 e6 8. Bb3 b5 9. Re1 Bb7 10. Bg5 Qa5 11. Bxf6 gxf6 12. Qh5 Ke7 13. Rad1 Qb6 14. Nf5+ exf5 15. Qxf7+ Kd8 16. Be6 Be7 17. exf5 Ne5 18. Qg7 Rf8 19. Re3 h5 20. h3 Ra7 21. Ne2 Qc6 22. Nf4 b4 23. Bd5 Qc8 24. Ne6+ Kd7 25. Nxf8+ Qxf8 26. Qxf8 Bxf8 27. Bxb7 Rxb7 28. Re4 a5 29. Rh4 Rc7 30. Rd2 Nc4 31. Re2 Nxb2 32. Rxh5 Nd1 33. Rh7+ Kc6 34. Rxc7+ Kxc7 35. Re6 Kd7 36. Rxf6 Be7 37. Rh6 d5 38. Ra6 Bd8 39. f6 Nc3 40. Ra7+ Ke8 41. f7+ Kf8 42. Ra8 a4 43. Rxd8+ Kxf7 44. Ra8 a3 45. Kf1 Nxa2 46. Ke2 Nc3+ 47. Kd3 a2 48. Ra6 Kg7 49. f4 d4 50. f5 Kf7 51. g4 1-0

[Event "EU-ch U14 23rd"]
[Site "Budva"]
[Date "2013.10.01"]
[Round "3"]
[White "Litvinov, Maxim"]
[Black "Januszkiewicz, Wojciech"]
[Result "1-0"]
[WhiteElo "2125"]
[BlackElo "1861"]
[PlyCount "159"]
[EventDate "2013.09.29"]
[EventType "swiss"]
[EventRounds "9"]
[EventCountry "MNE"]
[SourceTitle "EXT 2014"]
[Source "ChessBase"]
[SourceDate "2013.11.20"]
[SourceVersion "1"]
[SourceVersionDate "2013.11.20"]
[SourceQuality "1"]

1. e4 c5 2. Nf3 e6 3. d4 cxd4 4. Nxd4 a6 5. Nc3 Qc7 6. Be3 Nf6 7. Qd2 b5 8. f3 Bb7 9. 0-0-0 Bb4 10. Qe1 Bxc3 11. Qxc3 Qxc3 12. bxc3 d5 13. exd5 Bxd5 14. a4 bxa4 15. c4 Bb7 16. Kb2 Nc6 17. Ka3 0-0-0 18. Be2 Nxd4 19. Bxd4 Nd7 20. Kxa4 e5 21. Be3 Kc7 22. Rb1 Rb8 23. Rb3 Bc6+ 24. Ka5 Rhe8 25. Rhb1 f5 26. Rxb8 Nxb8 27. Bb6+ Kb7 28. Bc5+ Kc7 29. Rd1 Re6 30. Bb6+ Kb7 31. c5 e4 32. f4 e3 33. c4 Re7 34. g3 Rd7 35. Kb4 Re7 36. Kc3 Nd7 37. Rb1 Re6 38. Ba5+ Kc8 39. Bb4 Nf6 40. Ba3 Ne4+ 41. Kd4 a5 42. Rb6 a4 43. Bc1 Kc7 44. Bxe3 Re8 45. Kd3 Ra8 46. Rb2 Rd8+ 47. Bd4 Nxc5+ 48. Ke3 Re8+ 49. Be5+ Kd7 50. Kd4 Ne6+ 51. Kc3 Ra8 52. Ra2 g6 53. Bd1 Nc5 54. Rd2+ Ke8 55. Kb4 Nd7 56. Bd6 Ra7 57. Ka3 Nb6 58. Re2+ Kf7 59. Bc5 Rb7 60. Bxb6 Rxb6 61. Rb2 Ra6 62. Rb4 Ke7 63. Bxa4 Kd6 64. Kb3 Be4 65. Kc3 Kc5 66. Rb5+ Kd6 67. Kb4 Bc6 68. Ra5 Rb6+ 69. Bb5 Kc7 70. Ra7+ Bb7 71. c5 Re6 72. c6 Rxc6 73. Bxc6 Kxc6 74. Kc4 Kb6 75. Rxb7+ Kxb7 76. Kd5 Kc7 77. Ke6 Kd8 78. Kf7 Kd7 79. Kg7 Ke7 80. Kxh7 1-0